MDQL
is popping MORE tags! Check the
thread
!
Quizzes
Events
Quiz Creation
Community
Videos
Private Events
Remove Ads
Sign In
Join for FREE
Feedback
Dark Mode
Quiz Categories
Sports
Geography
Music
Movies
Television
Just For Fun
Miscellaneous
History
Literature
Language
Science
Gaming
Entertainment
Religion
Holiday
For Kids
Quiz Lab
Recent
Popular Today
Quiz Kudos Today
Editor Picks
Curator Picks
Quizzes by...
Day
Popularity
Type
Ratings
Length
Year
Community
Subscriptions
Recent Discussions
Orange Saloon
Badges
Playlists
Quests
Create
Leaderboards
Showdown
Live 5
Trivia Bingo
Activity
Puzzle Library
Sporcle Events
Private Events
Virtual Trivia
Globe League
Become a Host
Pub Owners
SporcleCon
Opinionation
Our Games
Videos
Blog
Mobile Apps
Partnerships
Remove Ads and Go Orange
Feedback
Television
TV Characters
TV Show
Sitcom
Network
Friends
Reality Shows
Cast
South Park
Star Trek
The Simpsons
Doctor Who
Television
TV Characters
TV Show
Sitcom
Network
Friends
Reality Shows
Cast
South Park
Star Trek
The Simpsons
Doctor Who
Random Quiz
Search Sporcle
×
Quiz Lab
Quiz Lab
Television
doctor
Type in answers that appear in a list
Type in answers that appear in a list
Classic
Best Score? Go Orange.
The villains of Doctor Who, 1963-2014? Stats
Can you name the the villains of Doctor Who, 1963-2014?
By
JonahTakalua
10m
256 Questions
120 Plays
120 Plays
120 Plays
Comments
Comments
Give Quiz Kudos
Give Quiz Kudos
-
- Ratings
hide this ad
Replay
Link that replays current quiz
Next Quiz
Link to next quiz in quiz playlist
You Got
0%
They Got
Avg Score
52%
Avg Friend Score
Upgrade to see
Score Distribution
Jump to the score distribution portion of the page
Score
0/256
Timer
10:00
0
Plays Today
Story
Villain
% Correct
The Daleks
Daleks
98.3%
The Dalek Invasion of Earth
Daleks
98.3%
The Chase
Daleks
98.3%
Mission to the Unknown
Daleks
98.3%
The Daleks' Master Plan
The Daleks
98.3%
The Power of the Daleks
Daleks
98.3%
The Evil of the Daleks
Daleks
98.3%
Day of the Daleks
Daleks
98.3%
Frontier in Space
The Master, Daleks
98.3%
Planet of the Daleks
Daleks
98.3%
Death to the Daleks
Daleks
98.3%
Destiny of the Daleks
Davros, Daleks
98.3%
Resurrection of the Daleks
Davros, Daleks
98.3%
Revelation of the Daleks
Davros, Daleks
98.2%
Remembrance of the Daleks
Daleks, Davros
98.2%
Dalek
Daleks
98.2%
Bad Wolf/
The Parting of the Ways
Daleks
98.2%
Army of Ghosts/
Doomsday
Daleks, Cybermen
98.2%
Daleks in Manhattan/
Evolution of the Daleks
Daleks
98.2%
The Stolen Earth/
Journey's End
Daleks, Davros
98.2%
Victory of the Daleks
Daleks
98.2%
Asylum of the Daleks
Daleks
98.2%
The Day of the Doctor
Daleks, Zygons
98.2%
The Time of the Doctor
Daleks, Cybermen et al.
98.2%
Into the Dalek
Daleks
97.9%
Genesis of the Daleks
Davros, Daleks
96.5%
The Tenth Planet
Cybermen
91.5%
The Moonbase
Cybermen
91.5%
The Tomb of the Cybermen
Cybermen
91.5%
The Wheel in Space
Cybermen
91.5%
The Invasion
Cybermen
91.5%
Revenge of the Cybermen
Cybermen
91.3%
Earthshock
Cybermen
91.3%
Attack of the Cybermen
Cybermen
90.9%
Silver Nemesis
Cybermen
90.9%
Rise of the Cybermen/
The Age of Steel
Cybermen
90.9%
The Next Doctor
Cybermen
90.9%
Closing Time
Cybermen
90.9%
Nightmare in Silver
Cybermen
90.9%
The Mark of the Rani
The Rani, the Master
89.1%
Terror of the Autons
The Master, Nestene Consciousness
89%
The Claws of Axos
The Master, Axons
89%
The Daemons
The Master, Daemons
89%
The Deadly Assassin
The Master
88.7%
The Keeper of Traken
The Master
88.7%
Logopolis
The Master
88.7%
Castrovalva
The Master
88.7%
Time-
Flight
The Master
88.7%
The King's Demons
The Master
88.7%
Planet of Fire
The Master
88.2%
Doctor Who
The Master
88.2%
The Mind Robber
The Master of the Land of Fiction
88.1%
The Mind of Evil
The Master
88.1%
Colony in Space
The Master
88.1%
The Sea Devils
The Master, Sea Devils
88.1%
The Time Monster
The Master
88.1%
Dark Water/
Death in Heaven
Missy (the Master), Cybermen
86.6%
Vengeance on Varos
Sil
84.5%
The Trial of a Time Lord: Mindwarp
Mentors
84.5%
Utopia/
The Sound of Drums/
Last of the Time Lords
The Master, Toclafane
84.5%
The Two Doctors
Sontarans
83.6%
The Sontaran Stratagem/
The Poison Sky
Sontarans
83.6%
The Time Warrior
Sontarans
82.6%
The Sontaran Experiment
Sontarans
82.6%
The Invasion of Time
Vardans, Sontarans
82.6%
Spearhead from Space
Nestene Consciousness
82.2%
The End of Time
The Master, Rassilon
81.8%
Survival
The Master, Cheetah people
80.9%
Rose
Nestene Consciousness
80.9%
The Hungry Earth/
Cold Blood
Silurians
80.9%
Warriors of the Deep
Silurians, Sea Devils
80.9%
Cold War
Ice Warriors
80%
Doctor Who and the Silurians
Silurians
79.7%
Gridlock
Macra
77.3%
The Ice Warriors
Ice Warriors
77.1%
The Seeds of Death
Ice Warriors
77.1%
The Monster of Peladon
Ice Warriors
76.5%
An Unearthly Child
The Tribe of Gum
76.3%
The Macra Terror
Macra
73.7%
The Abonimable Snowmen
The Great Intelligence
72.9%
The Web of Fear
The Great Intelligence
72.9%
Blink
Weeping Angels
70.9%
The Time of Angels/
Flesh and Stone
Weeping Angels
70.9%
The Angels Take Manhattan
Weeping Angels
70.9%
Terror of the Zygons
Zygons
67.8%
Time and the Rani
The Rani
66.4%
Story
Villain
% Correct
The End of the World
Lady Cassandra O'Brien
64.5%
Aliens of London/
World War Three
Slitheen
64.5%
Boom Town
Slitheen
64.5%
New Earth
Lady Cassandra O'Brien
64.5%
The Time Meddler
The Monk
62.7%
The Celestial Toymaker
The Toymaker
61.9%
The Snowmen
The Great Intelligence
61.8%
The Bells of Saint John
The Great Intelligence
61.8%
The Name of the Doctor
The Great Intelligence
61.8%
The Sensorites
The Third Sensorite
61%
The Three Doctors
Omega
60%
Arc of Infinity
Omega
60%
Robot
Miss Winters
57.4%
The Doctor, the Widow and the Wardrobe
57.3%
The Curse of Fenric
Fenric
56.4%
The Pandorica Opens/
The Big Bang
The Alliance, the Silence
56.4%
The Impossible Astronaut/
Day of the Moon
The Silence
56.4%
A Good Man Goes to War
The Silence
56.4%
The Wedding of River Song
The Silence
56.4%
Listen
55.7%
In the Forest of the Night
55.7%
Mawdryn Undead
Mawdryn, the Black Guardian
55.7%
The Unquiet Dead
Gelth
55.5%
Human Nature/
The Family of Blood
The Family
55.5%
Midnight
55.5%
The Edge of Destruction
55.1%
The Reign of Terror
55.1%
The Crusade
55.1%
The Myth Makers
55.1%
The Armageddon Factor
The Shadow, the Black Guardian
54.8%
The Horns of Nimon
Nimon
54.8%
Hide
54.5%
Enlightenment
The Black Guardian
53.9%
The Empty Child
Chula nanovirus
53.6%
The Idiot's Lantern
The Wire
53.6%
The Long Game
The Editor, the Jagrafess
52.7%
The Curse of the Black Spot
52.7%
The War Machines
WOTAN
52.5%
The Krotons
Krotons
52.5%
The Trial of a Time Lord: The Ultimate Foe
The Valeyard
51.8%
The Christmas Invasion
Sycorax
51.8%
The Lazarus Experiment
Professor Lazarus
51.8%
The Romans
Emperor Nero
51.7%
The Power of Kroll
Kroll
51.3%
Kinda
The Mara
51.3%
Snakedance
The Mara
51.3%
The Trial of a Time Lord: Terror of the Vervoids
Vervoids
50%
Tooth and Claw
Werewolf
50%
The Lodger
50%
Meglos
Meglos
49.6%
42
Torajii system Sun
49.1%
Terminus
Eirak, the Black Guardian
48.7%
The Dominators
Dominators
48.3%
Father's Day
Reapers
48.2%
The Rescue
Bennett
47.5%
The Runaway Bride
Empress of the Racnoss
46.4%
The Enemy of the World
The Salamander
45.8%
Kill the Moon
'Spider germs'
45.4%
Pyramids of Mars
Sutekh
45.2%
The Keys of Marinus
The Voord
44.9%
The Impossible Planet/
The Satan Pit
The Beast
44.5%
The Eleventh Hour
Prisoner Zero
44.5%
Mummy on the Orient Express
GUS, the Foretold
44.3%
School Reunion
Krillitanes
43.6%
The Unicorn and the Wasp
Vespiform
43.6%
Horror of Fang Rock
Rutans
43.5%
Image of the Fendahl
Fendahl
43.5%
The Girl in the Fireplace
Clockwork Droids
42.7%
The Ark
Monoids
42.4%
The War Games
The War Chief
42.4%
The Shakespeare Code
Carrionites
41.8%
Silence in the Library/
Forest of the Dead
Vashta Nerada
41.8%
Deep Breath
Clockwork droids
41.2%
Love & Monsters
The Abzorbaloff
40.9%
The Ark in Space
Wirrn
40.9%
Voyage of the Damned
Max Capricorn
40%
The Fires of Pompeii
Pyrovile
40%
Delta and the Bannermen
Bannermen
39.1%
The Waters of Mars
The Flood
39.1%
The Web Planet
The Greater Animus
39%
The Five Doctors
President Borusa
37.4%
Planet of the Dead
The Swarm
37.3%
Amy's Choice
Dream Lord
37.3%
The Doctor's Wife
House
37.3%
The Brain of Morbius
Professor Solon
36.5%
City of Death
Scaroth
36.5%
Story
Villain
% Correct
Marco Polo
Tegana
36.4%
The Aztecs
Tlotoxl
36.4%
Smith and Jones
Plasmavore
36.4%
The Green Death
BOSS
35.7%
The Faceless Ones
Chameleons
35.6%
Turn Left
The Trickster's Brigade
34.5%
Dinosaurs on a Spaceship
Solomon
34.5%
Inferno
Primords
33.9%
Partners in Crime
Matron Cofelia
33.6%
The Rebel Flesh/
The Almost People
The Flesh
33.6%
The Masque of Mandragora
The Mandragora Helix
33%
Ghost Light
Light
32.7%
Fear Her
Isolus
32.7%
The Vampires of Venice
Saturnyn
32.7%
The Rings of Akhaten
Akhaten
32.7%
The Seeds of Doom
Krynoids
32.2%
The Caves of Androzani
Sharaz Jek
31.8%
Vincent and the Doctor
Krafayis
31.8%
A Town Called Mercy
Kahler-Tek
31.8%
Galaxy 4
Drahvins
31.4%
The Underwater Menace
Professor Zaroff
31.4%
The Talons of Weng-
Chiang
Magnus Greel
31.3%
The Pirate Planet
The Captain
31.3%
The Greatest Show in the Galaxy
The Gods of Ragnarok
30.9%
The God Complex
The Minotaur
30.9%
Journey to the Centre of the TARDIS
Time zombies
30.9%
The Crimson Horror
Mrs. Gillyflower, Mr. Sweet
30.9%
The Space Museum
Moroks
30.5%
The Ambassadors of Death
General Carrington
30.5%
The Android Invasion
Kraals
30.4%
The Happiness Patrol
Helen A
30%
The Girl Who Waited
Handbots
30%
The Power of Three
Shakri
30%
The Face of Evil
Xoanon
29.6%
Night Terrors
Peg dolls
29.1%
Planet of the Spiders
Eight Legs
28.7%
The Robots of Death
Taren Capel
28.7%
The Visitation
Terileptils
28.7%
Let's Kill Hitler
Teselecta
28.2%
Robot of Sherwood
The Sheriff of Nottingham
27.8%
Flatline
The Boneless
27.8%
The Gunfighters
Johnny Ringo
27.1%
Full Circle
Marshmen
27%
Dragonfire
Kane
26.4%
Planet of Giants
Mr. Forester
26.3%
Planet of Evil
Anti matter creatures
26.1%
Four to Doomsday
Monarch
26.1%
Frontios
Tractators
26.1%
The Doctor's Daughter
General Cobb
25.5%
The Savages
The Elders
24.6%
The Massacre of St. Bartholomew's Eve
Catherine de Medici
23.7%
The Highlanders
Solicitor Grey
23.7%
Timelash
The Borad
23.6%
A Christmas Carol
Kazran Sardick
23.6%
The Androids of Tara
Count Grendel
23.5%
Planet of the Ood
Klineman Halpen
22.7%
Carnival of Monsters
Kalik
22.6%
The Hand of Fear
Eldred
22.6%
State of Decay
Great Vampires
22.6%
The Invisible Enemy
The Nucleus of the Swarm
21.7%
The Sun Makers
The Collector
21.7%
The Ribos Operation
Graff Vynda-K
21.7%
Time Heist
Ms Delphox
21.6%
The Caretaker
Skovox Blitzer
21.6%
Fury from the Deep
Weed creature
21.2%
The Mutants
The Marshal
21.2%
Underworld
The Oracle
20.9%
The Stones of Blood
Cessair
20.9%
The Leisure Hive
Pangol
20.9%
The Curse of Peladon
Arctarus
19.5%
Invasion of the Dinosaurs
Operation Golden Age
19.1%
The Creature from the Pit
Adrasta
19.1%
Nightmare of Eden
Mandrels
19.1%
Black Orchid
George Cranleigh
18.3%
The Awakening
The Malus
18.3%
Paradise Towers
Kroagnon
18.2%
The Twin Dilemma
Gastropods
17.3%
The Smugglers
Captain Pike
16.9%
The Trial of a Time Lord: The Mysterious Planet
Drathro
16.4%
Battlefield
The Destroyer
15.5%
The Beast Below
Hawthorne
13.6%
Warriors' Gate
Captain Rorvik
13%
Last Christmas
Dream crabs
9.6%
The Space Pirates
Maurice Caven
9.3%
Quiz Playlist
Details
Report
Send in Message
Add To Playlist
Classic:
Type in answers that appear in a list
Last Updated: Feb 16, 2017
Quiz Scoreboard
CHALLENGE
Sign Up to Join the Scoreboard
Show All
Scores
Hide
Comments
May contain spoilers
Recently Published
Image Sorting: Flags VI
by Barbecue
Geography
2m
Find the 'City' Movie
by crazypaving
Movies
60s
Colored Red Africa Blitz
by spor1
Geography
45s
More to Explore
Quiz From the Vault
Featured Blog Post
14 Easter Pick-up Lines to Find Eggs With
hide this ad
You Might Also Like...
Tags
doctor
Story
Villains
Today's Top Quizzes in Television
Browse Television
hide this ad
Today's Top Quizzes in doctor
Browse doctor
Top Contributed Quizzes in Television
1
Survivor Journey Challenge
2
Brooklyn Nine Nine Logic Puzzle (How-To-Play)
3
Total Drama Characters
4
Adjectives in 00s TV Shows
5
Phoebe Buffay Quotes
6
Survivor Heroes vs. Villains Logic Puzzle
7
Survivor Trivia
8
Emmerdale Characters (from August 2012)
9
Game of Thrones: Tywin Lannister Start to Finish
10
Survivor Logic Puzzle: Heroes vs. Villains
Explore More
Trending Topics
Disney
Anime
Harry Potter
NBA
Kpop
Crossword
Marvel
WWE
NFL
Puzzle
The Office
Soccer
Country
Pokémon
Song
hide this ad
More By:
JonahTakalua
Quiz
Plays
Rating
Category
Featured
Created
every Doctor Who story? (1963-present)
779
4.25
Television
Apr 12, 2012
the villains of Doctor Who, 1963-2014?
120
Television
Jul 9, 2014
Creatures and villains of Doctor Who (2005 - 2013)
62
3.00
Television
Aug 31, 2013
Stations on the East Coastway and Marshlink lines (UK)
31
Geography
May 30, 2017
Stations on the West Coastway line (UK)
29
Geography
May 28, 2017
Go to Creator's Profile
Score Distribution
Quiz Creator Spotlight
JonahTakalua
Follow
Send a Message
Quizzes Created
-
Created Quiz Play Count
-
More By This Creator
Popular Quizzes Today
1
Colored Red Africa Blitz
2
Find the US States - No Outlines Minefield
3
Find the 'City' Movie
4
5x2 Blitz: Bands
5
The Countries of the World
6
Find the US States
7
Find the Countries of Europe - No Outlines Minefield
8
US States
More Television Quizzes
Speed TV: Trios 11
Quiz Lab
Trending Quizzes
Colored Red Europe Blitz I
Colored Red Europe Blitz II
Colored Red Africa Blitz II
Colored Red Europe Blitz III
Colored Red Africa Blitz III
Recently Updated
How Do You Spell That?
pecheneg
Godzilla Movies
pecheneg
Grab Bag: 4-10 Letters
pecheneg
2024 March Madness Bracket
pecheneg
Famous TV Couples
Peacemaker
Champions League XIs: Real Madrid
pecheneg
Largest US Cities 1790-2010
pecheneg
Rides in Walt Disney World
pecheneg
Most Oscar Losses (Acting)
pecheneg
Beyoncé Albums
pecheneg
Trending Topics
NBA
Harry Potter
Kpop
Anime
Disney
Marvel
Crossword
Soccer
Pokémon
Song
The Office
WWE
Country
Puzzle
NFL
Your Account Isn't Verified!
In order to create a playlist on Sporcle, you need to verify the email address you used during registration. Go to your
Sporcle Settings
to finish the process.
Report this User
Report this user for behavior that violates our
Community Guidelines
.
Details:
Send Report
Go to the Sporcle.com Mobile Site →
Comments